ნორმალური ფორმატი
MARC ფორმატი
ჩანაწერი Personal Name
ჩანაწერთა რაოდენობა, რომელიც გამოყენებულია: 1
001 - CONTROL NUMBER
- control field: 6272
003 - CONTROL NUMBER IDENTIFIER
- control field: GE_BSU
005 - DATE AND TIME OF LATEST TRANSACTION
- control field: 20200121151605.0
008 - FIXED-LENGTH DATA ELEMENTS
- fixed length control field: 200121|| aca||aabn | a|a d
040 ## - CATALOGING SOURCE
- Original cataloging agency: GE_BSU
- Transcribing agency: GE_BSU
100 ## - HEADING--PERSONAL NAME
- Personal name: წერეთელი, გ., 1842-1900 (გიორგი) ქართული ისტორიოგრაფია. საქართველოს ახალი ისტორია. ქართველი მწერლები. წერეთელი,გიორგი.
670 ## - SOURCE DATA FOUND
- Source citation: Work cat.: (GE_BSU): ვარდოსანიძე, ს. (სერგო) 6271, გიორგი წერეთელი და საქართველოს ისტორიის პრობლემები :
